• 首页
  • 本馆介绍
  • 公告通知
  • 最新文献
  • 馆藏检索
  • 电子资源
  • 读者导购
  • 参考咨询
  • 我的图书馆
  • 登录
  • 详细信息显示
  • 放入我的书架
  • 预约/预借图书
  • 作者相关作品
  • 分类相关作品
  • 丛书相关作品
  • 出版社相关作品

书目信息

  • 表格格式
  • 工作单格式
  • 卡片格式
题名:
陈望道文集
    
 
作者: 陈望道 著 ;复旦大学语言研究室 编
分册: 第二卷  
出版信息: 上海   上海人民出版社  1980
页数: 642页
开本: 20cm
丛书名:
单 册:
中图分类: Z427
科图分类:
主题词:
电子资源:
ISBN: 3074.522
000 00809nam0 2200265 450
001 0180006925
005 20100712215830.0
010    @a3074.522@dCNY1.85
091    @a3074.522
100    @a19960215d1980 em y0chiy0110 ea
101 0  @achi
102    @aCN@b310000
105    @af z 000yy
106    @ar
200 1  @a陈望道文集@9Chen Wang Dao Wen Ji @f陈望道著@g复旦大学语言研究室编@h第二卷
210    @a上海@c上海人民出版社@d1980
215    @a642页@c照片@d20cm
310    @a封底价格:¥185
600  0 @a陈望道@f(1890~1977)@x文集
600  0 @2CT@3S907446@a陈望道@f(1890~1977)
690    @aZ427@v3
701  0 @a陈望道@9chen wang dao@f(1890~1977)@4著
712 02 @a复旦大学语言研究室@9fu dan da xue yu yan yan jiu shi@4编
801  0 @aCN@bAzMarc@c20130904
905    @aBZT@dC52@e74:2@f2@sC52/74:2
    
    陈望道文集/陈望道著/复旦大学语言研究室编.第二卷.-上海:上海人民出版社,1980
    642页:照片;20cm
    
    
    ISBN 3074.522:CNY1.85
    
●
相关链接 在五车中查询图书 在当当中查询图书 在豆瓣中查询图书


正题名:陈望道文集     索取号:C52/74:2         预约/预借

序号 登录号 条形码 馆藏地/架位号 状态 备注
1 2000083482   2000083482   旧书回溯/ [索取号:C52/74:2] 在馆    
2 2000088505   2000088505   旧书回溯/ [索取号:C52/74:2] 在馆    
山东省滨州职业学院图书馆 欢迎您!
大连网信软件有限公司© 版权所有